000 nam a22 7a 4500
999 _c7572
_d7572
008 170921b xxu||||| |||| 00| 0 eng d
100 _94087
_aCBSE
245 _aMathematics HINDI BOOK -X
260 _aNew Delhi
_bJPH
_c2017